[Event "7th European Individual Senior Champion."]
[Site "Hockenheim, Germany"]
[Date "2007.06.07"]
[Round "6.51"]
[White "Mesiarik, Rudolf"]
[Black "Blagonadezhnaya, Ideya"]
[Result "1-0"]
[WhiteElo "2167"]
[BlackElo "2017"]
[PlyCount "193"]
[EventDate "2007.??.??"]

1. Nf3 g6 2. g3 Bg7 3. d4 Nf6 4. Bg2 O-O 5. O-O d6 6. c4 Nbd7 7. Nc3 c6 8. Qc2
e5 9. Rd1 Qe7 10. b3 exd4 11. Nxd4 Nc5 12. Ba3 Rd8 13. Rd2 Ne6 14. Rad1 Nxd4
15. Rxd4 Ne8 16. R4d2 Bf5 17. e4 Bg4 18. Re1 Qc7 19. h3 Be6 20. Red1 Qa5 21.
Bb2 Rac8 22. Qd3 f5 23. Ne2 fxe4 24. Qxe4 Bf5 25. Qe3 Bxb2 26. Rxb2 Qe5 27.
Qxe5 dxe5 28. Rbd2 Rxd2 29. Rxd2 Kf7 30. g4 Be6 31. Ng3 Nf6 32. Re2 Nd7 33. Ne4
Ke7 34. Kh2 b6 35. Kg3 c5 36. Nc3 Rf8 37. Nb5 a6 38. Nc3 h5 39. Bb7 hxg4 40.
hxg4 a5 41. Bc6 Kd6 42. Bf3 Rf4 43. Ne4+ Ke7 44. Nc3 Rd4 45. Be4 Nf6 46. f3
Nxe4+ 47. Nxe4 Bd7 48. Nc3 Kd6 49. Re3 Bc6 50. Kh4 Rf4 51. Ne4+ Bxe4 52. fxe4
Rf2 53. a4 Rf4 54. Kg5 Ke6 55. Rh3 Rxe4 56. Rh6 Re1 57. Rxg6+ Kf7 58. Rxb6 e4
59. Kf4 e3 60. Kf3 e2 61. Kf2 Rg1 62. Kxe2 Rxg4 63. Rb5 Rg3 64. Kd2 Ke6 65. Kc2
Kd6 66. Rxa5 Kc6 67. Ra6+ Kb7 68. Rh6 Rg2+ 69. Kc3 Rg3+ 70. Kb2 Rg2+ 71. Ka3
Rg1 72. Rd6 Rh1 73. Kb2 Rh2+ 74. Kc3 Rh3+ 75. Rd3 Rh1 76. Rg3 Rb1 77. Rg5 Kb6
78. Rg6+ Ka5 79. Rg8 Rh1 80. Rb8 Rh5 81. Kb2 Ka6 82. Rb5 Rg5 83. Ka3 Rh5 84. a5
Rg5 85. Ka4 Rh5 86. Rb6+ Ka7 87. Kb5 Rg5 88. Ra6+ Kb7 89. Rc6 Ka7 90. Rc7+ Kb8
91. Rxc5 Rg6 92. b4 Rg1 93. a6 Rg6 94. Rc6 Rg5+ 95. Kb6 Rg7 96. a7+ Rxa7 97.
Rc8+ 1-0

[Event "7th European Individual Senior Champion."]
[Site "Hockenheim, Germany"]
[Date "2007.06.07"]
[Round "6.52"]
[White "Scholz, Herbert Dr"]
[Black "Fedotov, Oleksandr"]
[Result "1/2-1/2"]
[WhiteElo "1978"]
[BlackElo "2100"]
[PlyCount "59"]
[EventDate "2007.??.??"]

1. e4 g6 2. d4 Bg7 3. Nc3 c6 4. f4 d6 5. Bc4 b5 6. Bb3 b4 7. Nce2 Nf6 8. e5 Ne4
9. Nf3 d5 10. O-O a5 11. c4 O-O 12. Be3 f5 13. Nd2 Kh8 14. Rc1 e6 15. Rf3 Nd7
16. Ng3 Nb6 17. Ngxe4 fxe4 18. Rh3 Kg8 19. a4 Bd7 20. c5 Nc8 21. Nf1 Rf7 22.
Qg4 Bf8 23. Bf2 Be7 24. Bh4 Bxh4 25. Rxh4 Rg7 26. Ne3 Ne7 27. Qh3 Nf5 28. Nxf5
exf5 29. Rf1 Qe7 30. Bd1 1/2-1/2

[Event "7th European Individual Senior Champion."]
[Site "Hockenheim, Germany"]
[Date "2007.06.07"]
[Round "6.54"]
[White "Zachariassen, John"]
[Black "Drozdov, Vladimir E"]
[Result "0-1"]
[WhiteElo "1933"]
[BlackElo "2094"]
[PlyCount "96"]
[EventDate "2007.??.??"]

1. c4 e6 2. g3 Nf6 3. Bg2 d5 4. cxd5 exd5 5. Nf3 Be7 6. O-O O-O 7. d4 c6 8. Ne5
Nbd7 9. Nd3 b6 10. Nc3 Bb7 11. b4 a5 12. bxa5 Rxa5 13. Qb3 Qa8 14. a4 c5 15.
dxc5 bxc5 16. Nb2 Bc6 17. Bd2 c4 18. Qc2 Ra6 19. Be3 Bc5 20. Bxc5 Nxc5 21. Rfd1
Rb8 22. Rab1 h6 23. Nb5 Qb7 24. Nd4 Nb3 25. Nxc4 dxc4 26. Nxc6 Rxc6 27. Rxb3
Qxb3 28. Qxb3 cxb3 29. Bxc6 b2 30. Rb1 Rc8 31. Rxb2 Rxc6 32. Ra2 Ra6 33. f3 Nd5
34. e4 Nc3 35. Rc2 Nxa4 36. f4 Rb6 37. Rc8+ Kh7 38. Rc7 f6 39. Kg2 Rb2+ 40. Kf3
Rxh2 41. e5 fxe5 42. f5 Kg8 43. Re7 Nc5 44. Rxe5 Nd7 45. Ra5 Nf6 46. Ra8+ Kh7
47. Ra5 h5 48. Ra3 Kh6 0-1

[Event "7th European Individual Senior Champion."]
[Site "Hockenheim, Germany"]
[Date "2007.06.07"]
[Round "6.55"]
[White "Skara, Milenko"]
[Black "Haug, Kjell"]
[Result "1-0"]
[WhiteElo "2092"]
[BlackElo "1967"]
[PlyCount "53"]
[EventDate "2007.??.??"]

1. e4 e5 2. Nf3 Nc6 3. Bb5 d6 4. d4 exd4 5. Nxd4 Bd7 6. Bxc6 bxc6 7. Nc3 Nf6 8.
O-O Be7 9. Qd3 O-O 10. Nf5 Ne8 11. Nxe7+ Qxe7 12. Bd2 Be6 13. f4 f6 14. Rad1
Qf7 15. b3 c5 16. f5 Bc8 17. Nd5 a5 18. c4 a4 19. Rf3 Bd7 20. Nf4 axb3 21. axb3
Ra2 22. Rh3 Qe7 23. Bc3 Qd8 24. Qd5+ Rf7 25. Rxh7 c6 26. Rh8+ Kxh8 27. Qxf7 1-0

[Event "7th European Individual Senior Champion."]
[Site "Hockenheim, Germany"]
[Date "2007.06.07"]
[Round "6.56"]
[White "Davydov, Mikhail"]
[Black "Alvarez Escudero, Manuel"]
[Result "1-0"]
[WhiteElo "2082"]
[BlackElo "1945"]
[PlyCount "85"]
[EventDate "2007.??.??"]

1. e4 e5 2. Nf3 Nc6 3. d4 exd4 4. Nxd4 d6 5. Nc3 Nf6 6. Bb5 Bd7 7. Bxc6 bxc6 8.
Qf3 Be7 9. e5 dxe5 10. Nxc6 Bxc6 11. Qxc6+ Nd7 12. O-O O-O 13. Rd1 Bd6 14. Nb5
Qe7 15. Nxd6 cxd6 16. Qxd6 Qxd6 17. Rxd6 Nf6 18. Be3 Rac8 19. Rc1 Rc7 20. f3
Rfc8 21. c4 Ne8 22. Ra6 Rxc4 23. Rxc4 Rxc4 24. Rxa7 f6 25. Rd7 Nc7 26. Kf2 Nb5
27. Ke2 Rb4 28. Rd2 Kf7 29. Kd1 Ke6 30. a3 Rb3 31. Bc5 Nc7 32. Kc2 Rb5 33. b4
Nd5 34. Kb3 f5 35. Kc4 Nc7 36. Rd6+ Ke7 37. Rc6+ Rxc5+ 38. Rxc5 Kd6 39. Rxc7
Kxc7 40. Kd5 e4 41. fxe4 f4 42. h4 h6 43. h5 1-0

[Event "7th European Individual Senior Champion."]
[Site "Hockenheim, Germany"]
[Date "2007.06.07"]
[Round "6.57"]
[White "Delander, Adolf"]
[Black "Gonzalo Gonzalez, Francisco"]
[Result "1-0"]
[WhiteElo "2075"]
[BlackElo "1914"]
[PlyCount "69"]
[EventDate "2007.??.??"]

1. Nf3 c5 2. c4 Nc6 3. Nc3 g6 4. d3 Bg7 5. g3 Nf6 6. Bg2 d6 7. O-O O-O 8. a3
Bg4 9. Rb1 Qd7 10. b4 cxb4 11. axb4 Bh3 12. e4 Bxg2 13. Kxg2 Qg4 14. h3 Qd7 15.
Qc2 Nh5 16. g4 Nf6 17. Bf4 Rad8 18. Bg3 Ne5 19. Nh2 Nc6 20. Ne2 h5 21. b5 Ne5
22. g5 Nfg4 23. hxg4 hxg4 24. Ng1 f5 25. f4 gxf3+ 26. Ngxf3 fxe4 27. dxe4 Rc8
28. Nxe5 dxe5 29. Rxf8+ Rxf8 30. Rd1 Qc7 31. c5 Rc8 32. Qc4+ Kh7 33. Nf3 e6 34.
Qxe6 Bf8 35. Rh1+ 1-0

[Event "7th European Individual Senior Champion."]
[Site "Hockenheim, Germany"]
[Date "2007.06.07"]
[Round "6.58"]
[White "Roehrl, Bruno"]
[Black "Ophoff, Rigobert"]
[Result "1/2-1/2"]
[WhiteElo "1911"]
[BlackElo "2062"]
[PlyCount "68"]
[EventDate "2007.??.??"]

1. d4 Nf6 2. Nf3 g6 3. c4 Bg7 4. Nc3 O-O 5. e4 d6 6. Be2 e5 7. O-O Nc6 8. d5
Ne7 9. Ne1 Nd7 10. Nd3 f5 11. exf5 gxf5 12. f4 Nf6 13. fxe5 dxe5 14. Nxe5 Nfxd5
15. cxd5 Bxe5 16. Bg5 Qd6 17. g3 Ng6 18. Kg2 Bd7 19. Qb3 Kg7 20. Bf3 Qb6 21.
Qc2 Rae8 22. Rae1 f4 23. Be4 fxg3 24. hxg3 Rxf1 25. Rxf1 Qd6 26. Bxg6 hxg6 27.
Bf4 Rh8 28. Rf2 Bh3+ 29. Kg1 Bf5 30. Qe2 Bxf4 31. gxf4 c6 32. dxc6 Qxc6 33.
Qe7+ Kg8 34. Qd8+ Kg7 1/2-1/2

[Event "7th European Individual Senior Champion."]
[Site "Hockenheim, Germany"]
[Date "2007.06.07"]
[Round "6.59"]
[White "Born, Bernd-Ludger Dr"]
[Black "Smits, Oswald"]
[Result "1-0"]
[WhiteElo "2060"]
[BlackElo "1894"]
[PlyCount "133"]
[EventDate "2007.??.??"]

1. d4 Nf6 2. c4 e6 3. Nf3 b6 4. g3 Bb7 5. Bg2 c5 6. e3 cxd4 7. exd4 d5 8. cxd5
Bxd5 9. O-O Be7 10. Nc3 Bb7 11. Bf4 O-O 12. Re1 Nd5 13. Ne5 Nxc3 14. bxc3 Bxg2
15. Kxg2 Qc8 16. Qf3 Nd7 17. Nc6 Bf6 18. a4 Kh8 19. a5 bxa5 20. Rxa5 Qb7 21.
Rea1 a6 22. Nb4 Qxf3+ 23. Kxf3 Rac8 24. Bd2 Be7 25. Nxa6 h6 26. Ke2 Nb6 27. Rb5
Nd5 28. Kd3 Ra8 29. c4 Nf6 30. f3 Ra7 31. Bb4 Bxb4 32. Rxb4 Rfa8 33. Rba4 Nd7
34. R4a2 e5 35. Nb4 Rxa2 36. Rxa2 Rb8 37. Rb2 exd4 38. Kxd4 Kg8 39. Nd3 Rd8 40.
Ke3 Kf8 41. Re2 Ra8 42. c5 Rc8 43. Kd4 Rd8 44. Kc4 Rc8 45. Kb5 Nf6 46. Nb4 Rb8+
47. Kc4 Ne8 48. Nd5 Rb1 49. Rc2 Rb8 50. c6 Nd6+ 51. Kc5 Nc8 52. Ra2 Ke8 53.
Re2+ Kf8 54. c7 Rb1 55. Kc6 Na7+ 56. Kd7 Kg8 57. Ra2 Rb7 58. Rxa7 Rxa7 59. Kd8
Rxc7 60. Kxc7 f6 61. Kd7 Kf7 62. Nf4 g6 63. Kd6 g5 64. Nd5 h5 65. f4 Kg6 66.
Ke6 gxf4 67. gxf4 1-0

[Event "7th European Individual Senior Champion."]
[Site "Hockenheim, Germany"]
[Date "2007.06.07"]
[Round "6.61"]
[White "Strozewski, Guenter"]
[Black "Pracht, Hans-Dieter"]
[Result "0-1"]
[WhiteElo "1852"]
[BlackElo "2056"]
[PlyCount "137"]
[EventDate "2007.??.??"]

1. e4 e5 2. Nf3 Nf6 3. Bc4 Nxe4 4. O-O d5 5. Bb3 Be7 6. d3 Nc5 7. Nxe5 O-O 8.
Re1 Bf6 9. d4 Nxb3 10. axb3 Re8 11. Bf4 Bf5 12. Nc3 c6 13. Ne2 Nd7 14. Ng3 Bg6
15. Qd2 a6 16. Nxg6 hxg6 17. c4 Qb6 18. cxd5 cxd5 19. Ne2 Qxb3 20. Ra3 Qb6 21.
Be3 Nf8 22. Rd1 Ne6 23. Nc3 Red8 24. Na4 Qb5 25. Nc3 Qd7 26. Rda1 Qc6 27. Rc1
Qd6 28. Ra5 b5 29. Rca1 Qc6 30. Rc1 Qb6 31. Ne2 Rac8 32. Rca1 Ra8 33. b4 Qb7
34. Rc1 Rdc8 35. Raa1 Rxc1+ 36. Rxc1 Rc8 37. Rd1 Be7 38. Qb2 Rc4 39. Bd2 Qc6
40. Bc3 Bd6 41. g3 Ng5 42. Rc1 Ne4 43. Be1 Kf8 44. Kg2 Qc7 45. f3 Nf6 46. Bc3
Qc8 47. Ra1 Kg8 48. Rc1 Nd7 49. Qd2 Nb6 50. Qg5 Qe8 51. Qd2 f6 52. Kf2 Na4 53.
Re1 Qc8 54. Qd3 Nxc3 55. Qxg6 Nxe2 56. Rxe2 Bf8 57. Qh5 Rxd4 58. g4 Qc3 59. Qe8
Rd2 60. Qe6+ Kh8 61. g5 Rxe2+ 62. Qxe2 fxg5 63. Qe6 Qd2+ 64. Kg3 Qf4+ 65. Kg2
d4 66. Qh3+ Kg8 67. Qe6+ Qf7 68. Qxa6 Qc4 69. Qa8 0-1

[Event "7th European Individual Senior Champion."]
[Site "Hockenheim, Germany"]
[Date "2007.06.07"]
[Round "6.62"]
[White "Mann, Guenter"]
[Black "Stadt, Hans"]
[Result "1/2-1/2"]
[WhiteElo "1823"]
[BlackElo "2050"]
[PlyCount "55"]
[EventDate "2007.??.??"]

1. e4 c5 2. Nf3 d6 3. d4 cxd4 4. Nxd4 Nf6 5. Nc3 a6 6. a4 e5 7. Nf3 Be6 8. Bg5
Nbd7 9. Be2 Be7 10. Bxf6 Nxf6 11. O-O O-O 12. Ng5 Bd7 13. Bc4 Rc8 14. Qd3 h6
15. Nf3 Qc7 16. Bb3 Bc6 17. Rac1 b5 18. axb5 axb5 19. Nd5 Nxd5 20. Bxd5 Bxd5
21. Qxd5 Qb6 22. Rfd1 Rc5 23. Qd3 Rfc8 24. c3 Qc6 25. Ra1 Bf8 26. Nd2 d5 27.
Nb3 dxe4 28. Qd2 1/2-1/2

[Event "7th European Individual Senior Champion."]
[Site "Hockenheim, Germany"]
[Date "2007.06.07"]
[Round "6.63"]
[White "Kornath, Heinrich"]
[Black "Sinchurina, Tatiana"]
[Result "1/2-1/2"]
[WhiteElo "1838"]
[BlackElo "2047"]
[PlyCount "99"]
[EventDate "2007.??.??"]

1. e4 d6 2. d4 Nf6 3. Bd3 g6 4. c3 Bg7 5. h3 Nc6 6. f4 e5 7. d5 Ne7 8. Nf3 Nh5
9. fxe5 dxe5 10. O-O O-O 11. Qb3 h6 12. g4 Nf4 13. Bxf4 exf4 14. Nbd2 Kh8 15.
Nh2 g5 16. Rad1 Ng6 17. Ndf3 Re8 18. Nd4 Ne5 19. Bb1 h5 20. Nf5 hxg4 21. Nxg4
Bxf5 22. exf5 Nxg4 23. hxg4 Re3 24. d6 cxd6 25. Qxf7 Qb6 26. Rf2 Re2 27. Rdf1
Qe3 28. Qd5 Rxb2 29. Qh1+ Kg8 30. Be4 Qg3+ 31. Qg2 Qxg2+ 32. Bxg2 Rxf2 33. Kxf2
Bxc3 34. Bxb7 Bd4+ 35. Kf3 Re8 36. Bd5+ Kg7 37. Be6 Rb8 38. Bb3 Rc8 39. Ke4 Bc5
40. Rf3 a5 41. Be6 Rb8 42. Rb3 Rb4+ 43. Rxb4 Bxb4 44. Bd5 Kf6 45. Bb3 Bc3 46.
Bd5 Ke7 47. Be6 a4 48. Bd5 Kd7 49. Kd3 Be5 50. Kc4 1/2-1/2

[Event "7th European Individual Senior Champion."]
[Site "Hockenheim, Germany"]
[Date "2007.06.07"]
[Round "6.64"]
[White "Diaz Begonte, Manuel"]
[Black "Kalkmann, Hans"]
[Result "0-1"]
[WhiteElo "1865"]
[BlackElo "2004"]
[PlyCount "52"]
[EventDate "2007.??.??"]

1. e4 e5 2. d4 exd4 3. f4 Bb4+ 4. Bd2 Qe7 5. Bd3 Nc6 6. a3 Bxd2+ 7. Nxd2 d6 8.
Qf3 Nf6 9. h3 Bd7 10. Ne2 a6 11. O-O h6 12. b4 O-O 13. g4 Nh7 14. Qg3 Rad8 15.
Rf2 g5 16. Raf1 f6 17. Nf3 Kh8 18. Nfxd4 Nxd4 19. Nxd4 c5 20. Nf5 Bxf5 21. exf5
d5 22. Re2 Qc7 23. Rfe1 gxf4 24. Qh4 Rd7 25. Qxh6 f3 26. Re8 Qg3+ 0-1

[Event "7th European Individual Senior Champion."]
[Site "Hockenheim, Germany"]
[Date "2007.06.07"]
[Round "6.65"]
[White "Paulsen, Eckart"]
[Black "Schwertel, Johann"]
[Result "1/2-1/2"]
[WhiteElo "1833"]
[BlackElo "1993"]
[PlyCount "86"]
[EventDate "2007.??.??"]

1. d4 d5 2. Nf3 Nf6 3. c4 c6 4. e3 Bf5 5. Qb3 Qb6 6. cxd5 Nxd5 7. Nbd2 Bg6 8.
Bc4 e6 9. O-O Be7 10. Ne5 Nd7 11. Ndf3 Qxb3 12. Bxb3 Nxe5 13. Nxe5 a5 14. a4
Nb4 15. Nxg6 hxg6 16. Bd1 Bd6 17. g3 O-O 18. Be2 e5 19. Bd2 exd4 20. Bxb4 Bxb4
21. exd4 Rad8 22. Rfd1 Rd6 23. Rd3 Re8 24. Kf1 Rde6 25. Bf3 Re1+ 26. Rxe1 Rxe1+
27. Kg2 Rb1 28. b3 Rb2 29. Kf1 Kf8 30. d5 Bc5 31. dxc6 bxc6 32. Be2 Ke7 33. Rf3
f6 34. g4 g5 35. Bc4 Bd4 36. h3 Kd6 37. Bf7 c5 38. Bc4 Rc2 39. Kg2 Rc1 40. Bf7
Re1 41. Bc4 Rb1 42. Bf7 Ke7 43. Bc4 Rb2 1/2-1/2

[Event "7th European Individual Senior Champion."]
[Site "Hockenheim, Germany"]
[Date "2007.06.07"]
[Round "6.66"]
[White "Straub, Hermann"]
[Black "Egger, Herbert"]
[Result "1/2-1/2"]
[WhiteElo "1993"]
[BlackElo "1834"]
[PlyCount "50"]
[EventDate "2007.??.??"]

1. f4 Nf6 2. Nf3 d5 3. e3 Bg4 4. h3 Bxf3 5. Qxf3 e6 6. Nc3 c6 7. b3 Bc5 8. Bb2
Nbd7 9. g4 Ne4 10. Nxe4 dxe4 11. Qxe4 Qh4+ 12. Ke2 Nf6 13. Bxf6 Qxf6 14. c3
O-O-O 15. Bg2 Rd7 16. d4 Bb6 17. Rhd1 Rhd8 18. b4 Qg6 19. Qxg6 hxg6 20. a4 a5
21. Rab1 f6 22. bxa5 Bxa5 23. c4 Kc7 24. Be4 f5 25. Bg2 b6 1/2-1/2

[Event "7th European Individual Senior Champion."]
[Site "Hockenheim, Germany"]
[Date "2007.06.07"]
[Round "6.67"]
[White "Ortega Morales, Pedro"]
[Black "Werner, Alfons"]
[Result "1-0"]
[WhiteElo "1959"]
[BlackElo "1743"]
[PlyCount "89"]
[EventDate "2007.??.??"]

1. d4 d5 2. Bf4 Nf6 3. e3 e6 4. Nf3 Bd6 5. Ne5 O-O 6. Nd2 Nbd7 7. Bd3 Qe7 8.
Qf3 Ne8 9. Qh3 f5 10. g4 Bxe5 11. Bxe5 Nxe5 12. dxe5 g6 13. Qg3 Ng7 14. h3 c5
15. c3 Bd7 16. Be2 b5 17. f4 b4 18. c4 Bc6 19. Bf3 Qb7 20. O-O Rad8 21. Qg2 Rd7
22. Nb3 Qb6 23. a3 Ba4 24. Nd2 d4 25. e4 Bc6 26. b3 a5 27. a4 Qb7 28. Rae1 Kf7
29. exf5 Bxf3 30. fxg6+ hxg6 31. Nxf3 Ke7 32. Qd2 Rh8 33. Ng5 Rdd8 34. Qd3 Rh6
35. Ne4 Qc6 36. Rf3 Rdh8 37. Nd6 Ne8 38. f5 gxf5 39. gxf5 Nxd6 40. exd6+ Qxd6
41. Rg3 Kf8 42. fxe6 Rxe6 43. Qf5+ Rf6 44. Qc8+ Kf7 45. Qb7+ 1-0

[Event "7th European Individual Senior Champion."]
[Site "Hockenheim, Germany"]
[Date "2007.06.07"]
[Round "6.68"]
[White "Bue, Gunnar"]
[Black "Tochtermann, Georg Dr"]
[Result "1/2-1/2"]
[WhiteElo "1813"]
[BlackElo "1956"]
[PlyCount "84"]
[EventDate "2007.??.??"]

1. d4 Nf6 2. c4 d6 3. Nc3 c6 4. e4 Qc7 5. f3 g6 6. Be3 Bg7 7. Qd2 e5 8. d5 c5
9. Bd3 a6 10. Nge2 Nbd7 11. g4 h6 12. O-O-O Nf8 13. h4 h5 14. g5 N6h7 15. f4
Bg4 16. Rdf1 Bxe2 17. Nxe2 exf4 18. Rxf4 Nd7 19. Rhf1 Ne5 20. Ng1 Nf8 21. Nf3
Nfd7 22. Nxe5 Nxe5 23. Bg1 O-O 24. Bh2 b5 25. Rf6 bxc4 26. Bxe5 dxe5 27. Bxc4
Bxf6 28. Rxf6 Kg7 29. d6 Qd7 30. Qd5 Rae8 31. Qxc5 Rc8 32. Qd5 Rxc4+ 33. Qxc4
Rc8 34. Rxf7+ Qxf7 35. Qxc8 Qf4+ 36. Kb1 Qxe4+ 37. Qc2 Qe1+ 38. Qc1 Qe4+ 39.
Ka1 Qd3 40. Qc7+ Kg8 41. Qc8+ Kg7 42. Qb7+ Kg8 1/2-1/2

[Event "7th European Individual Senior Champion."]
[Site "Hockenheim, Germany"]
[Date "2007.06.07"]
[Round "6.69"]
[White "Sevenyuk, Alexey"]
[Black "Ovesen, Karsten"]
[Result "1-0"]
[WhiteElo "1940"]
[BlackElo "1428"]
[PlyCount "74"]
[EventDate "2007.??.??"]

1. Nf3 Nf6 2. b3 d5 3. Bb2 Nbd7 4. e3 e6 5. c4 c6 6. Be2 Bd6 7. d4 Bb4+ 8. Bc3
Bxc3+ 9. Nxc3 O-O 10. O-O Re8 11. Ne5 Qc7 12. f4 dxc4 13. bxc4 b6 14. Rf3 Bb7
15. Rh3 Red8 16. Bd3 a6 17. Ne4 c5 18. Nxf6+ Nxf6 19. Bxh7+ Nxh7 20. Qh5 Be4
21. Rf1 cxd4 22. f5 Qxe5 23. Qxh7+ Kf8 24. Qh8+ Ke7 25. Qh4+ Kd6 26. fxe6 Kxe6
27. Rf4 f5 28. g4 dxe3 29. gxf5+ Bxf5 30. Rxf5 Rd1+ 31. Rf1 e2 32. Qg4+ Kd6 33.
Rxd1+ exd1=Q+ 34. Qxd1+ Kc7 35. Qd5 Qa1+ 36. Kg2 Qxa2+ 37. Kg3 Qa3+ 1-0

[Event "7th European Individual Senior Champion."]
[Site "Hockenheim, Germany"]
[Date "2007.06.07"]
[Round "6.70"]
[White "Ivanova, Marianna"]
[Black "Zakharova, Lidiya"]
[Result "1/2-1/2"]
[WhiteElo "1761"]
[BlackElo "1938"]
[PlyCount "118"]
[EventDate "2007.??.??"]

1. d4 d6 2. Nf3 g6 3. c4 Nf6 4. e3 Bg7 5. Be2 O-O 6. Nc3 c5 7. O-O Nc6 8. d5
Nb8 9. h3 a6 10. e4 Bd7 11. Bf4 Nh5 12. Bd2 b5 13. Qc1 b4 14. Nd1 a5 15. Bh6
Na6 16. Bxg7 Nxg7 17. b3 f6 18. Nh2 Nc7 19. Ne3 h5 20. f4 e5 21. f5 g5 22. g3
Kf7 23. Qd1 Rh8 24. a4 bxa3 25. Rxa3 Na6 26. Nc2 Qb6 27. Kh1 Ke7 28. Qb1 Rhb8
29. Qd1 Be8 30. g4 hxg4 31. Bxg4 Bd7 32. Qd2 Nc7 33. Nf3 Rg8 34. Rfa1 a4 35.
bxa4 Ra5 36. Nxg5 Nxf5 37. Bxf5 Rxg5 38. Bxd7 Kxd7 39. Qf2 Ne8 40. h4 Rg7 41.
Qf5+ Kd8 42. Ne3 Qb2 43. Qf3 Qb7 44. h5 Qf7 45. Rb1 Qa7 46. Nf5 Rh7 47. Qd1 Qf7
48. h6 Ra8 49. Rb5 Qg6 50. a5 Rxh6+ 51. Nxh6 Qxh6+ 52. Kg2 Qg6+ 53. Rg3 Qxe4+
54. Kh2 Qxc4 55. Qb3 Qh4+ 56. Kg2 Qe4+ 57. Qf3 Qc2+ 58. Kg1 Qc4 59. Qb3 Qd4+
1/2-1/2

[Event "7th European Individual Senior Champion."]
[Site "Hockenheim, Germany"]
[Date "2007.06.07"]
[Round "6.71"]
[White "Wanner, Georges"]
[Black "Benito Alba, Eladio"]
[Result "1/2-1/2"]
[WhiteElo "1770"]
[BlackElo "1881"]
[PlyCount "59"]
[EventDate "2007.??.??"]

1. e4 d5 2. exd5 Qxd5 3. Nc3 Qa5 4. d4 Nf6 5. Bd2 c6 6. Bc4 Bf5 7. Nd5 Qd8 8.
Nxf6+ gxf6 9. g4 Be4 10. f3 Bd5 11. Qe2 e6 12. O-O-O Nd7 13. Bxd5 cxd5 14. Qb5
Qb6 15. Qa4 Bd6 16. h4 Rc8 17. Bc3 Bf4+ 18. Rd2 Rc4 19. Qb3 Qxb3 20. axb3 Rc6
21. Ne2 Bxd2+ 22. Bxd2 O-O 23. g5 f5 24. b4 e5 25. Bc3 e4 26. f4 Re8 27. Ng3
Nf8 28. Nxf5 Ne6 29. Nh6+ Kg7 30. Nf5+ 1/2-1/2

[Event "7th European Individual Senior Champion."]
[Site "Hockenheim, Germany"]
[Date "2007.06.07"]
[Round "6.72"]
[White "Wibe, Per H"]
[Black "Husser, Oskar"]
[Result "0-1"]
[WhiteElo "1808"]
[BlackElo "2073"]
[PlyCount "74"]
[EventDate "2007.??.??"]

1. c4 e5 2. g3 Nf6 3. Bg2 d5 4. cxd5 Nxd5 5. Qb3 c6 6. Nf3 Nd7 7. O-O Be7 8. d4
exd4 9. Nxd4 Nc5 10. Qd1 O-O 11. Nb3 Be6 12. Nxc5 Bxc5 13. a3 Qf6 14. e4 Nb6
15. Qc2 Bd4 16. Nd2 Nd7 17. Nf3 Bb6 18. Bf4 h6 19. Rfe1 g5 20. Bd2 Ne5 21. Nxe5
Bxf2+ 22. Kh1 Bxe1 23. Rxe1 Qxe5 24. Bc3 Qc7 25. Bf6 Rae8 26. e5 Qa5 27. Rf1
Bd5 28. Qf5 Bxg2+ 29. Kxg2 Qd5+ 30. Rf3 Re6 31. Qg4 Rfe8 32. h4 Rxf6 33. exf6
Re2+ 34. Kh3 Kh7 35. Qh5 gxh4 36. Qg4 Qe6 37. Qxe6 Rxe6 0-1

[Event "7th European Individual Senior Champion."]
[Site "Hockenheim, Germany"]
[Date "2007.06.07"]
[Round "6.73"]
[White "Yusym, Anatoly"]
[Black "Schuler, Georg"]
[Result "0-1"]
[WhiteElo "1759"]
[BlackElo "1992"]
[PlyCount "51"]
[EventDate "2007.??.??"]

1. d3 c5 2. Nf3 Nc6 3. g3 g6 4. Bg2 Bg7 5. Nbd2 d5 6. O-O Nf6 7. c3 O-O 8. Qe1
e5 9. e4 d4 10. Nc4 dxc3 11. bxc3 Qxd3 12. Ncxe5 Nxe5 13. Nxe5 Qd8 14. Bf4 Nh5
15. Qe3 Qe7 16. Nc4 Nxf4 17. Qxf4 Bxc3 18. Rad1 Bd4 19. Kh1 Be6 20. Qc1 b5 21.
Na5 Rac8 22. Nb3 Bc4 23. Nxd4 Bxf1 24. Bxf1 cxd4 25. Qb1 Rfd8 26. Bxb5 {
rest der partie unleserlich} 0-1

[Event "7th European Individual Senior Champion."]
[Site "Hockenheim, Germany"]
[Date "2007.06.07"]
[Round "6.74"]
[White "Thonig, Manfred"]
[Black "Frantzke, Helmut"]
[Result "0-1"]
[WhiteElo "1755"]
[BlackElo "1955"]
[PlyCount "44"]
[EventDate "2007.??.??"]

1. f4 g6 2. d4 Bg7 3. e3 c5 4. c3 cxd4 5. cxd4 d6 6. Nf3 Nf6 7. Bd3 O-O 8. O-O
Nc6 9. a3 a6 10. Nbd2 Be6 11. b4 Ng4 12. Qe1 Qb6 13. Nc4 Bxc4 14. Bxc4 Nxd4 15.
Ra2 Nf5 16. Re2 Rac8 17. h3 Ngxe3 18. Qf2 Nxc4 19. g4 Ng3 20. Be3 Nxe2+ 21. Kh2
Qxe3 22. Qxe3 Nxe3 0-1

[Event "7th European Individual Senior Champion."]
[Site "Hockenheim, Germany"]
[Date "2007.06.07"]
[Round "6.75"]
[White "Bartle, Georg"]
[Black "Schwichtenberg, Juergen"]
[Result "1/2-1/2"]
[WhiteElo "1724"]
[BlackElo "1911"]
[PlyCount "88"]
[EventDate "2007.??.??"]

1. b4 c6 2. c4 e6 3. Bb2 Nf6 4. a3 b6 5. e3 Be7 6. Nf3 O-O 7. Be2 d5 8. O-O
Nbd7 9. d3 Bb7 10. Nbd2 Bd6 11. d4 Qb8 12. h3 Re8 13. Qc2 e5 14. dxe5 Nxe5 15.
Rfe1 Ned7 16. Bd3 h6 17. e4 dxe4 18. Nxe4 c5 19. b5 Bxe4 20. Bxe4 Nxe4 21. Rxe4
Ne5 22. Nd2 Ng6 23. Nf3 Rxe4 24. Qxe4 Qe8 25. Qc2 Rd8 26. Re1 Qf8 27. g3 Re8
28. Rd1 Ne5 29. Nh4 Re6 30. f4 Ng6 31. f5 Nxh4 32. fxe6 Bxg3 33. Rf1 f6 34. Qe4
Qe7 35. Rd1 f5 36. Qc6 Qg5 37. Bc1 Bf4+ 38. Kf1 Bxc1 39. Qd5 Qf4+ 40. Ke1 Qe3+
41. Kf1 Qxh3+ 42. Ke2 Qe3+ 43. Kf1 Qf4+ 44. Ke1 Nf3+ 1/2-1/2

[Event "7th European Individual Senior Champion."]
[Site "Hockenheim, Germany"]
[Date "2007.06.07"]
[Round "6.76"]
[White "Bauer, Armin Dr"]
[Black "Pfister, Valentina-Rodina"]
[Result "1-0"]
[WhiteElo "1902"]
[BlackElo "1566"]
[PlyCount "115"]
[EventDate "2007.??.??"]

1. d4 e6 2. c4 Bb4+ 3. Bd2 Bxd2+ 4. Qxd2 Nf6 5. Nc3 Nc6 6. e4 d6 7. Nf3 O-O 8.
Rd1 b6 9. Be2 Bb7 10. O-O Ne7 11. Qc2 Nd7 12. Rfe1 f6 13. d5 exd5 14. exd5 Ne5
15. Nd4 Bc8 16. h3 a6 17. f4 N5g6 18. Qe4 Kh8 19. Bh5 f5 20. Qe3 Bd7 21. Kh2
Rf6 22. Nf3 Qf8 23. Ng5 h6 24. Bxg6 Nxg6 25. Nf3 Re8 26. Qd2 Rxe1 27. Rxe1 Qg8
28. g3 Nf8 29. Re7 Rf7 30. Qe3 Ng6 31. Rxf7 Qxf7 32. Ne2 Qe7 33. Qxe7 Nxe7 34.
Ned4 g6 35. Kg2 Kg7 36. Kf2 c6 37. dxc6 Nxc6 38. Ke3 Ne7 39. b4 d5 40. c5 bxc5
41. bxc5 Kf8 42. Ne5 Bc8 43. Nb3 Ke8 44. Kd4 h5 45. Na5 Kd8 46. Nac6+ Nxc6+ 47.
Nxc6+ Kc7 48. Ne5 Be6 49. Nxg6 Kd7 50. Nf8+ Ke7 51. Nxe6 Kxe6 52. c6 Kd6 53. c7
Kxc7 54. Kxd5 Kd7 55. Ke5 Ke7 56. Kxf5 Kf7 57. Kg5 h4 58. gxh4 1-0

[Event "7th European Individual Senior Champion."]
[Site "Hockenheim, Germany"]
[Date "2007.06.07"]
[Round "6.77"]
[White "Lapitskaya, Galina"]
[Black "Kuhn, Arno"]
[Result "1/2-1/2"]
[WhiteElo "1401"]
[BlackElo "1863"]
[PlyCount "25"]
[EventDate "2007.??.??"]

1. c4 c5 2. Nc3 Nc6 3. g3 g6 4. e3 e6 5. Nge2 Bg7 6. Bg2 Nge7 7. d4 cxd4 8.
exd4 d6 9. O-O O-O 10. a3 a6 11. b4 Qc7 12. Rb1 Rb8 13. c5 1/2-1/2

[Event "7th European Individual Senior Champion."]
[Site "Hockenheim, Germany"]
[Date "2007.06.07"]
[Round "6.78"]
[White "Rieger, Helmut"]
[Black "Schaefer, Gustav"]
[Result "0-1"]
[WhiteElo "1660"]
[BlackElo "1844"]
[PlyCount "64"]
[EventDate "2007.??.??"]

1. c4 Nf6 2. Nc3 g6 3. d4 Bg7 4. e4 d6 5. f3 O-O 6. Be3 Nbd7 7. Qd2 e5 8. d5
Kh8 9. Nge2 Ng8 10. O-O-O b6 11. g4 a5 12. Ng3 Nc5 13. Kb1 Bd7 14. h4 h6 15.
Be2 a4 16. Nb5 Ra5 17. Rc1 Qc8 18. g5 h5 19. Rc3 Rd8 20. Rhc1 Ne7 21. Ra3 Be8
22. Qc2 c6 23. Bxc5 dxc5 24. Nc3 Qh3 25. Rg1 Qxh4 26. Qc1 Qf4 27. Nxa4 cxd5 28.
Nxb6 Rxa3 29. Nxd5 Qxc1+ 30. Kxc1 Rxa2 31. Nxe7 Ra1+ 32. Kc2 Rxg1 0-1